Vista normal
Vista MARC
- Cuentos infantiles chinos
Entrada Materia
Número de registros utilizados en: 10
001 - NÚMERO DE CONTROL DEL REGISTRO
- campo de control: 12981
003 - IDENTIFICADOR DE NUMERO DE CONTROL
- campo de control: MX-MxUPN
005 - FECHA Y HORA DE LA ÚLTIMA TRANSACCIÓN
- campo de control: 20230908185157.0
008 - DATOS DE LONGITUD FIJA
- campo de control de longitud fija: 230908nn anznnbabn n ana |d
035 ## - NÚMERO DE CONTROL DEL SISTEMA
- Número de control del sistema: UPN10000012989
040 ## - FUENTE DE LA CATALOGACIÓN
- Lengua de catalogación: spa
- Centro catalogador de origen: MX-MxUPN
053 #4 - NÚMERO CLASIFICADOR - BIBLIOTECA DEL CONGRESO (LC)
- Elemento numérico de la clasificación - Número único o no. inicial del rango: PZ90 CH5
150 ## - ENCABEZAMIENTO - TEMÁTICO
- Término de materia o nombre geográfico como elemento inicial: Cuentos infantiles chinos
670 ## - FUENTE EN LA QUE SE LOCALIZARON DATOS
- Cita de la fuente: Escamilla Gonzalez, G. Lista de encabezamientos de materia, 1978:
- Información localizada: página 224 (Cuentos infantiles africanos)
902 ## - CATALOGADOR
- Catalogador: LG/290597
- Catalogador: VíctorGodínez/080923